| 000 | 01727nam2a2200265 4500 | ||
|---|---|---|---|
| 001 | RU\NLR\BIBL_A\022456056 | ||
| 005 | 20250305155429.0 | ||
| 010 |
_a978-5-93593-353-1 _bч. 3 |
||
| 021 |
_aRU _bКН-П-24-080185 _9КН-П-24-8008 |
||
| 035 | _a(NLR Aleph) 022456056 | ||
| 090 |
_a13361013 _c13361013 |
||
| 100 | _a20250212d2024 k y0rusy50 ca | ||
| 101 | 0 |
_arus _aeng |
|
| 102 | _aRU | ||
| 105 | _ay z 000 y | ||
| 200 | 0 |
_aЧ. 3 _fМинистерство образования и науки Республики Татарстан, УВО "Университет управления "ТИСБИ", УПО "Колледж "ТИСБИ" [и др.] |
|
| 210 | _d2024 | ||
| 215 |
_a325 с. _cил. |
||
| 461 | 0 |
_1001RU\NLR\BIBL_A\022442147 _12001#$aОбщество, государство, личность: механизмы инновационной деятельности молодежи в решении задач научно-технологического развития$eматериалы XXIV Национальной научно-практической конференции студентов, магистрантов, аспирантов и молодых ученых (Казань, 26 апреля 2024 г.)$eв трех частях$fМинистерство образования и науки Республики Татарстан [и др.]$gпод ред. Ф. Ф. Хамидуллина, А. Н. Грязнова$vЧ. 3 |
|
| 712 | 0 | 2 |
_4570 _a"ТИСБИ", университет управления _bКолледж _cКазань _92655343 _3RU\NLR\AUTH\880622975 |
| 942 | _cBOOK | ||
| 980 | _aNB | ||